000 00415nam a22001217a 4500
999 _c1373
_d1373
005 20200831112815.0
008 200831b ||||| |||| 00| 0 eng d
020 _a0237509792
040 _cCML
245 _aSecondary Mathematics for Uganda Tutor Text 1.
_cBull, A.C.R., Busbridge, J.N., Ferris, V.W.
260 _aLondon
_bEvans Brothers Limited
_c1988
942 _2ddc
_cBK
_e1st Edition
_h510.42
_mBUL